A responsibility that is best avoided (Record no. 81522)

MARC details
000 -LEADER
fixed length control field 01124cab a22002415a 4500
001 - CONTROL NUMBER
control field L147394
008 - FIXED-LENGTH DATA ELEMENTS--GENERAL INFORMATION
fixed length control field 090508e20090502xxkad f v 000 0 eng d
035 ## - SYSTEM CONTROL NUMBER
System control number (Sirsi) u147394
041 0# - LANGUAGE CODE
Language code of text/sound track or separate title eng
100 1# - MAIN ENTRY--PERSONAL NAME
Personal name Stevens-Hoare, Michelle
245 02 - TITLE STATEMENT
Title A responsibility that is best avoided
260 ## - PUBLICATION, DISTRIBUTION, ETC.
Date of publication, distribution, etc. 2009
490 #0 - SERIES STATEMENT
Series statement Estates Gazette
Volume/sequential designation (0917) 2 May 2009, 95(1)
520 ## - SUMMARY, ETC.
Summary, etc. Explains landlords' liabilities for supply of utilities to their premises where the tenant has left the property. Examines the terms and constraints applicable to deemed contracts which can arise between a landlord and utility providers when a tenant leaves and the rules and provisions applied by Ofgem. Outlines the typical provisions of deemed contracts for utility supply. Offers advice to landlords with empty premises.
590 ## - LOCAL NOTE (RLIN)
Local note KA
650 24 - SUBJECT ADDED ENTRY--TOPICAL TERM
Topical term or geographic name entry element ELECTRICITY ACT 1989 S6
650 24 - SUBJECT ADDED ENTRY--TOPICAL TERM
Topical term or geographic name entry element UTILITIES ACT 2000 S4
650 24 - SUBJECT ADDED ENTRY--TOPICAL TERM
Topical term or geographic name entry element GAS ACT 1986 S2(B)
651 #4 - SUBJECT ADDED ENTRY--GEOGRAPHIC NAME
Geographic name England and Wales
Chronological subdivision 1543-
690 ## - LOCAL SUBJECT ADDED ENTRY--TOPICAL TERM (OCLC, RLIN)
Topical term or geographic name as entry element PROPERTY-COMMERCIAL PROPERTY-LEASEHOLD COMMERCIAL PROPERTY-COMMERCIAL LANDLORD AND TENANT
700 1# - ADDED ENTRY--PERSONAL NAME
Personal name Boniface, Dianne
942 ## - ADDED ENTRY ELEMENTS (KOHA)
Suppress in OPAC 0
Holdings
Withdrawn status Lost status Source of classification or shelving scheme Damaged status Not for loan Home library Current library Shelving location Date acquired Total Checkouts Full call number Barcode Date last seen Copy number Price effective from Koha item type
    Dewey Decimal Classification     London London Journal article 08/05/2009   L147394 147394-1001 06/08/2019 1 06/08/2019 Journal article